Datum a čas kvízu

18.5 Celkem bodů Celkový počet nahraných bodů na tomto kvízu bez doplňovacích otázek.
12. Pořadí na kvízu Konečné umístění týmu na tomto kvízu.

Zaznamenané odpovědi

# Otázka Odpověď Body Výsledky
1. V pondělí jsme se dozvěděli, ž... nedodržení bezpečné vzdálenosti 0
2. Zaměstnanec letiště Johna F. K... C) živá kočka 1
3. V úterý se v pražském Kině Luc... Král Šumavy 0
4. V pondělí, po pěti dnech letu,... Orion 0
5. V jednom z pátečních zápasů pr... Walesu 0
6. V následujících pěti otázkách... bar, torr, atmosféra / pascal 1
7. Která z následujících jednotek... B 1
8. Na lidské tělo, jehož odpor je... 300 V 0
9. Přiřaďte tyto jednotky k přísl... 1C 2D 3B 4A 1
10. Uzel je jednotka rychlosti pou... B 0